000 00449nam a2200169Ia 4500
005 20251020182556.0
008 200515s9999 xx 000 0 und d
082 _aR/801.321=25/C25
100 _aCASLER, Ken PALMER, David RAIMOND, Paul WOODBRIDGE, Teresa
245 0 _aBusiness Assigments : Eight advanced case studies with video
260 _aNew York
260 _c1989
300 _a126
650 _aINGLES
650 _aLIB
942 _cLIB
999 _c2892
_d2892